000 00648nam a2200229 i 4500
001 17623
003 ES-MaACL
005 20240419181640.0
007 t|
008 010411s2000 sp ||||0| spa
020 _a84-663-0177-1
080 _a821.111-31"19"
100 1 _aRutherfurd, Edward.
_9101067
245 1 0 _aRusos /
_cEdward Rutherfurd ; [traducción, Dolors Gallart].
260 _aBarcelona :
_bEdiciones B,
_c[2000]
300 _a1279 p ;
_c19 cm.
490 1 _aBiblioteca de bolsillo
700 1 _aGallart, Dolors.
_953505
830 1 _aBiblioteca de Bolsillo
_9177945
852 _aES-MaACL
_jL-24443
999 _c17623
_d17623